[Event "SKESK-ch"]
[Site "Kalavryta"]
[Date "1997.??.??"]
[Round "9"]
[White "Kazazakis, Eleftherios"]
[Black "Kalesis, Nikolaos"]
[Result "0-1"]
[WhiteElo "2000"]
[BlackElo "2410"]
[PlyCount "36"]
[EventDate "1997.??.??"]
[EventType "tourn"]
[EventRounds "11"]
[EventCountry "GRE"]
[EventCategory "2"]
[SourceTitle "EXT 2001"]
[Source "ChessBase"]
[SourceDate "2000.11.22"]
[SourceVersion "1"]
[SourceVersionDate "2000.11.22"]
[SourceQuality "1"]

1. e4 c5 2. Bc4 e6 3. Nf3 Nc6 4. c3 d5 5. exd5 exd5 6. Qe2+ Be7 7. Bb3 Nf6 8. a3 0-0 9. d3 Re8 10. 0-0 Bg4 11. h3 Bh5 12. Bf4 Bd6 13. Qc2 Bxf3 14. gxf3 Ne5 15. Bxe5 Rxe5 16. Qd1 Nh5 17. f4 Nxf4 18. Qf3 Qh4 0-1

[Event "SKESK-ch"]
[Site "Kalavryta"]
[Date "1997.??.??"]
[Round "4"]
[White "Kazazakis, Eleftherios"]
[Black "Nikolaidis, Ioannis"]
[Result "0-1"]
[WhiteElo "2000"]
[BlackElo "2520"]
[PlyCount "48"]
[EventDate "1997.??.??"]
[EventType "tourn"]
[EventRounds "11"]
[EventCountry "GRE"]
[EventCategory "2"]
[SourceTitle "EXT 2001"]
[Source "ChessBase"]
[SourceDate "2000.11.22"]
[SourceVersion "1"]
[SourceVersionDate "2000.11.22"]
[SourceQuality "1"]

1. e4 c5 2. Bc4 e6 3. Nc3 a6 4. a3 b5 5. Ba2 Bb7 6. d3 Nc6 7. Nf3 d6 8. 0-0 Nf6 9. Bg5 h6 10. Bh4 Be7 11. Re1 g5 12. Bg3 Nh5 13. Ne2 Nxg3 14. Nxg3 h5 15. Nxg5 Bxg5 16. Nxh5 Qe7 17. f4 Rxh5 18. Qxh5 Bxf4 19. Qh8+ Kd7 20. Qh3 Be5 21. Rf1 Rh8 22. Qf3 Nd4 23. Bxe6+ fxe6 24. Qf7 Ne2+ 0-1

[Event "SKESK-ch"]
[Site "Kalavryta"]
[Date "1997.??.??"]
[Round "7"]
[White "Nikolaidis, Konstantinos"]
[Black "Kazazakis, Eleftherios"]
[Result "1-0"]
[WhiteElo "2325"]
[BlackElo "2000"]
[PlyCount "21"]
[EventDate "1997.??.??"]
[EventType "tourn"]
[EventRounds "11"]
[EventCountry "GRE"]
[EventCategory "2"]
[SourceTitle "EXT 2001"]
[Source "ChessBase"]
[SourceDate "2000.11.22"]
[SourceVersion "1"]
[SourceVersionDate "2000.11.22"]
[SourceQuality "1"]

1. d4 d5 2. c4 dxc4 3. e4 Nc6 4. Be3 b5 5. a4 a6 6. axb5 Nb4 7. Bxc4 Bb7 8. Nc3 Nf6 9. bxa6 Bxe4 10. Nxe4 Nxe4 11. Qa4+ 1-0